Statystyki dla Wszystkie Państwa NATO(Dla Geomexa)

Kliknij tutaj aby rozwiązać quiz!

Ogólne statystyki

  • Ten quiz został rozwiązany 66 razy
    (52 od ostatniego zresetowania)
  • Średni wynik to 26 z 32

Statystyki odpowiedzi

Rok DołączeniaOdpowiedź% Poprawnych
1999Polska
100%
1949Stany Zjednoczone
93%
2024Szwecja
93%
1949Wielka Brytania
90%
2023Finlandia
88%
1949Kanada
88%
1955Niemcy
88%
1949Włochy
88%
1982Hiszpania
85%
1949Norwegia
85%
1949Portugalia
85%
1952Turcja
85%
1949Francja
83%
2004Bułgaria
80%
2009Chorwacja
80%
1999Czechy
80%
1949Dania
80%
2004Łotwa
80%
2004Słowacja
80%
1949Belgia
78%
2004Estonia
78%
1952Grecja
78%
1949Holandia
78%
2004Litwa
78%
1949Luksemburg
78%
2004Rumunia
78%
2009Albania
75%
1949Islandia
75%
2004Słowenia
73%
1999Węgry
70%
2020Macedonia Północna
65%
2017Czarnogóra
58%

Rozkład punktacji

Percentyl według liczby udzielonych odpowiedzi

Procent ludzi z każdym wynikiem

Twoja historia wyników

Nie rozwiązałeś tego quizu od ostatniego zresetowania